British geography 1918-1945

The book traces the foundations of modern British geography based upon the first-hand recollections of some of those active in the discipline between the wars and after. It discusses not only the growth of geography as a specific academic discipline but also the relationship between geography and na...

وصف كامل

محفوظ في:
التفاصيل البيبلوغرافية
التنسيق: كتاب
اللغة:Undetermined
منشور في: Cambridge, New York Cambridge Univ 1987
الموضوعات:
الوسوم: إضافة وسم
لا توجد وسوم, كن أول من يضع وسما على هذه التسجيلة!
Thư viện lưu trữ: Trung tâm Học liệu Trường Đại học Cần Thơ
LEADER 00876nam a2200181Ia 4500
001 CTU_27265
008 210402s9999 xx 000 0 und d
020 |b 25.87Dfl 
082 |a 910.941 
082 |b B862 
245 0 |a British geography 1918-1945 
260 |a Cambridge, New York 
260 |b Cambridge Univ 
260 |c 1987 
520 |a The book traces the foundations of modern British geography based upon the first-hand recollections of some of those active in the discipline between the wars and after. It discusses not only the growth of geography as a specific academic discipline but also the relationship between geography and national planning that played such an important role in post-war reconstruction 
650 |a geography - great britain - history - 20th century 
904 |i Minh, 981211 
980 |a Trung tâm Học liệu Trường Đại học Cần Thơ